[Event "EICC 2017"]
[Site "Minsk"]
[Date "2017.06.07"]
[Round "8"]
[White "Navara, David"]
[Black "Svetushkin, Dmitry"]
[Result "1-0"]
[WhiteElo "2739"]
[BlackElo "2573"]
[Annotator "TA"]
[PlyCount "49"]
[EventDate "2017.??.??"]
[EventCountry "BLR"]
[SourceTitle "playchess.com"]
[Source "ChessBase"]
[SourceQuality "1"]

{[%evp 30,49,22,20,20,22,67,65,51,44,55,61,64,58,391,365,358,372,414,413,715,604]} 1. e4 e5 2. Nf3 Nc6 3. Bb5 {[%cal Bf1b5,Bb5a4,Ba4b3][%mdl 32]} a6 4. Ba4 Nf6 5. O-O Be7 6. Re1 b5 7. Bb3 d6 8. c3 O-O 9. h3 Bb7 10. d4 Nd7 11. Nbd2 {[%cal Bb1d2,Bd2f1,Bf1g3][%mdl 32]} exd4 {C92: Closed Ruy Lopez: 9...Be6, Karpov and Flohr-Zaitsev Variations} 12. cxd4 Bf6 13. Nf1 Na5 14. Bc2 Re8 15. Ng3 g6 16. Bh6 {LiveBook: 22 Games} Nc4 17. b3 {[#]} Ncb6 $146 ({Predecessor:} 17... Na3 18. Bd3 c5 19. Bf4 {½-½ (31) Kryvoruchko,Y (2708)-Iordachescu,V (2589) Abu Dhabi 2014}) 18. a4 bxa4 19. bxa4 a5 20. Rb1 c5 21. Bf4 d5 $2 {[%mdl 8192]} (21... cxd4 $14 22. Nxd4 Ne5) 22. e5 $18 {[%cal Be4e5,Be5e6][%mdl 32]} Bg7 23. Ng5 cxd4 {[%cal Rg7e5] [#]} 24. Nf5 $1 {[%mdl 512]} Nc5 ({Avoid the trap} 24... gxf5 $2 25. Qh5 $18) (24... f6 $142 25. Nxg7 Kxg7) 25. e6 {Precision: White = 96%, Black = 32%.} 1-0

[Event "EICC 2017"]
[Site "Minsk"]
[Date "2017.06.07"]
[Round "8"]
[White "Jakovenko, Dmitry"]
[Black "Donchenko, Alexander"]
[Result "1-0"]
[WhiteElo "2718"]
[BlackElo "2563"]
[Annotator "TA"]
[PlyCount "137"]
[EventDate "2017.??.??"]
[EventCountry "BLR"]
[SourceTitle "playchess.com"]
[Source "ChessBase"]
[SourceQuality "1"]

{[%evp 26,137,13,23,16,10,20,23,22,35,32,22,33,26,33,0,22,8,20,12,19,16,32,32,66,25,49,48,47,20,22,1,44,44,44,44,44,44,44,13,12,12,14,12,12,12,25,28,59,56,74,47,88,60,65,51,54,63,66,44,44,0,55,51,51,44,52,51,51,0,51,44,51,51,51,51,51,44,45,37,50,0,80,66,109,112,135,113,145,143,145,138,137,8,157,151,314,314,1808,1712,2197,2047,29983,29984,29984,29985,29984,29983,29983,29984,29984,29984,29983,29984]} 1. e4 c5 2. Nf3 d6 3. d4 cxd4 4. Nxd4 Nf6 5. Nc3 a6 6. Be2 e5 7. Nb3 Be7 8. O-O O-O 9. Re1 Be6 {B92: Sicilian Najdorf: 6 Be2} 10. Bf3 (10. Bf1 Qc7 11. Nd5 Nxd5 12. exd5 Bf5 13. c4 Nd7 14. Be3 a5 15. Rc1 a4 16. Na1 Bg6 17. Nc2 f5 18. f3 {0-1 (50) Wang,H (2710)-Vachier Lagrave,M (2758) Beijing 2014}) 10... Nbd7 11. a4 Qc7 12. a5 Rfc8 13. Be3 b5 14. axb6 $1 {LiveBook: 6 Games} Nxb6 15. Na5 Nc4 16. Nxc4 Qxc4 17. Na4 $146 {Hoping for Nb6.} Nd7 18. Re2 Rab8 19. b3 Qb4 20. Bc1 (20. Bd2 $5 {[%cal Rd2b4]} Qd4 21. Qb1 $11) 20... Qb7 (20... Qd4 {is more complex.} 21. Nb2 Qc3 22. h3 a5 23. Ra3 Qc7) 21. Bb2 h6 22. h3 Rc7 23. Re3 Rbc8 24. c4 Nb6 25. Bg4 Nxa4 26. Rxa4 Bxg4 27. Qxg4 Rc6 28. Bc1 (28. Rg3 $5 {[%cal Rg4g7]} g6 29. Bc1 $14) 28... Bg5 29. Rg3 f5 $1 {[%cal Rf5g4]} 30. Qd1 Bxc1 31. Qxc1 f4 32. Rc3 Rb6 33. Qc2 Rb8 34. Ra3 Kh8 35. Qd3 Qe7 36. Ra5 Qg5 37. Rd5 Qe7 38. Kh2 Qh4 39. Qf3 Rc6 40. Rcd3 Qf6 41. Qg4 Rbb6 42. Qd7 Kh7 43. Qg4 Qg6 (43... Kh8 $1 $11) 44. Qf3 Rc7 45. Qe2 Rcc6 46. Qe1 Rc7 47. Qe2 Rcc6 48. Rc3 Rb4 49. Qf3 Qg5 50. Qd3 Rbb6 51. Ra5 Rc8 52. Qd5 Rcb8 53. b4 {[%cal Bb3b4,Bb4b5][%mdl 32]} Rf8 {[#]} (53... Rxb4 $11 54. Qxd6 Rb2 55. Rxe5 Qh4) 54. b5 $1 $16 Rf6 55. Rxa6 ({Wrong is} 55. bxa6 $2 f3 $19) 55... Rg6 {[%csl Gg6][%cal Rg5g2]} 56. g3 fxg3+ 57. Rxg3 Qf4 58. Ra2 Rb8 59. Kg2 $40 {[%mdl 128] White attacks.} ({Better is} 59. Qd3 $16) 59... Rf6 (59... Rxg3+ $1 $11 60. fxg3 Qe3) 60. Qd3 {aiming for Rg4.} Rc8 $2 {[#]} (60... Rbf8 $16 {was necessary.} 61. Qe3 Qh4) 61. Rg4 $1 $18 {[%cal Rg4f4]} Qc1 $2 (61... Rg6 62. Rxg6 Kxg6 63. Qxd6+ Kh7) 62. Ra7 Rg8 63. Qg3 {[%cal Rg4g7]} Kh8 64. Rgxg7 {[%csl Gg3][%cal Rg7g8] White mates.} Rxf2+ 65. Kxf2 {[%csl Gg3][%cal Rg7g8]} Qd2+ 66. Kg1 {[%csl Gg3][%cal Rg7g8]} Qd1+ 67. Kh2 {[%csl Gg3][%cal Rg7g8]} Qd2+ 68. Qg2 {[%csl Gg2][%cal Rg7g8]} Qf4+ 69. Kh1 {Precision: White = 51%, Black = 36%.} 1-0

[Event "EICC 2017"]
[Site "Minsk"]
[Date "2017.06.07"]
[Round "8"]
[White "Matlakov, Maxim"]
[Black "Shimanov, Aleksandr"]
[Result "1/2-1/2"]
[WhiteElo "2714"]
[BlackElo "2642"]
[Annotator "TA"]
[PlyCount "45"]
[EventDate "2017.??.??"]
[EventCountry "BLR"]
[SourceTitle "playchess.com"]
[Source "ChessBase"]
[SourceQuality "1"]

{[%evp 16,45,8,14,8,0,0,-33,-20,-9,-3,-8,-11,-2,-17,0,6,15,15,-2,-5,-18,-18,-18,-18,-17,-15,-14,-12,-15,-13,-31]} 1. c4 e6 2. Nc3 d5 3. d4 Nf6 4. cxd5 Nxd5 5. e4 Nxc3 6. bxc3 c5 7. Rb1 Be7 {D35: Queen's Gambit Declined: Exchange Variation} 8. Nf3 O-O 9. Bc4 {LiveBook: 4 Games} Nc6 10. O-O b6 11. d5 (11. Bf4 Bb7 12. Re1 cxd4 13. cxd4 Nb4 14. Qd2 Nc6 15. d5 {½-½ (31) Svidler,P (2755)-Radjabov,T (2710) Moscow 2017}) 11... Na5 $1 {[%cal Ra5c4]} 12. Bd3 {[%cal Bc4d3,Bd3c2,Bc2a4][%mdl 32] The position is equal.} c4 13. Bc2 $1 exd5 14. exd5 Bb7 15. Re1 Re8 $146 16. Ba4 Rf8 17. Bf4 {[#] aiming for d6.} (17. Qe2 $5 {[%cal Re2e7]} Bc5 18. Rd1 $11) 17... Bd6 $1 {[%cal Rd6f4]} 18. Bg5 f6 {[%cal Bf7f6,Bf6f5,Bf5f4][%mdl 32]} 19. Be3 Bc7 20. Nd4 {And now Ne6 would win.} Qxd5 {[%csl Gb7][%cal Rd5g2] [#]} 21. Qg4 {Threatens to win with Nf5.} f5 22. Qh3 f4 {White must now prevent ...Bc8.} 23. Bc1 {Precision: White = 56%, Black = 88%.} 1/2-1/2

[Event "EICC 2017"]
[Site "Minsk"]
[Date "2017.06.07"]
[Round "8"]
[White "Jobava, Baadur"]
[Black "Mastrovasilis, Dimitrios"]
[Result "1-0"]
[WhiteElo "2713"]
[BlackElo "2580"]
[Annotator "TA"]
[PlyCount "101"]
[EventDate "2017.??.??"]
[EventCountry "BLR"]
[SourceTitle "playchess.com"]
[Source "ChessBase"]
[SourceQuality "1"]

{[%evp 13,101,0,-10,0,4,-4,3,0,19,-9,43,29,41,12,32,0,0,0,0,0,0,0,0,0,6,0,0,0,34,17,22,14,14,14,31,31,43,33,34,20,28,21,39,35,31,18,37,31,45,39,39,26,22,12,12,0,0,0,0,0,0,0,0,0,0,0,0,0,0,0,0,8,303,354,2417,2270,3371,2597,1879,1933,29959,29959,29953,29952,12849,6079,29980,29981,29981,29981]} 1. c4 e5 {[%cal Be7e5,Be5e4][%mdl 32]} 2. Nc3 Nf6 3. g3 c6 4. Nf3 e4 5. Nd4 Qb6 6. Nc2 {A23: English Opening: 1...e5 2 Nc3 Nf6 3 g3 c6} (6. Nb3 a5 7. Na4 Qd8 8. Bg2 d5 9. cxd5 cxd5 10. d3 Bb4+ 11. Nc3 a4 12. Nd4 Nc6 13. Nc2 Bxc3+ 14. bxc3 {½-½ (90) Piorun,K (2676)-Kravtsiv,M (2634) Lublin 2016}) 6... d5 7. Bg2 dxc4 {LiveBook: 3 Games} 8. O-O {The position is equal.} Be6 9. Nxe4 Nxe4 10. Bxe4 Nd7 11. Bg2 h5 $146 (11... Be7 $11) 12. d4 $14 cxd3 13. Qxd3 O-O-O 14. Be3 (14. b4 $5) 14... Bc5 15. Qc3 Bxe3 16. Nxe3 Nf6 17. Rfd1 Rxd1+ 18. Rxd1 Rd8 19. Rxd8+ Qxd8 20. a4 Qd6 21. Bf3 Bh3 22. a5 a6 23. Bg2 Be6 24. h4 Kb8 25. Bf3 Kc7 26. Kg2 Kd8 27. Nf1 (27. Nc4 $5 {[%cal Rc4d6]} Qc5 28. Qd2+ Ke7 29. Nb6 $11) 27... Ke8 28. e4 {[#] Threatens to win with e5.} Qe7 29. Nd2 g6 30. Be2 Nd7 31. f4 Qd6 32. Nc4 Bxc4 33. Bxc4 Nc5 34. e5 Qd1 35. Bxf7+ (35. Qe3 $5 {[%cal Re3c5]} Qc2+ 36. Qe2 Qxe2+ 37. Bxe2 $11) 35... Kxf7 36. Qxc5 $11 {[%mdl 4096] Endgame KQ-KQ} Qd2+ 37. Qf2 (37. Kf3 $5 {[%cal Rc5d6]}) 37... Qxa5 38. g4 Qd5+ 39. Kg3 hxg4 40. Kxg4 Qd1+ 41. Qf3 Qg1+ 42. Kh3 Qd4 $2 {[%mdl 8192] [#]} (42... Qb1 $1 $11 {and Black stays safe.}) 43. h5 $1 $18 {[%cal Rh5h6]} Qxb2 $2 (43... b6 44. h6 Qd7+ 45. Kh4 Qd4 46. Qb3+ Ke7) 44. hxg6+ Kxg6 45. f5+ {[%cal Bf4f5,Bf5f6,Bf6f7][%mdl 32]} Kf7 46. Qh5+ Kf8 47. Qh8+ Ke7 48. f6+ Ke6 49. Qg8+ Kf5 50. Qg4+ Kxe5 51. f7 {Precision: White = 65%, Black = 42%.} 1-0

[Event "EICC 2017"]
[Site "Minsk"]
[Date "2017.06.07"]
[Round "8"]
[White "Ponomariov, Ruslan"]
[Black "Kozul, Zdenko"]
[Result "1/2-1/2"]
[WhiteElo "2712"]
[BlackElo "2617"]
[Annotator "TA"]
[PlyCount "120"]
[EventDate "2017.??.??"]
[EventCountry "BLR"]
[SourceTitle "playchess.com"]
[Source "ChessBase"]
[SourceQuality "1"]

{[%evp 20,120,34,22,34,21,26,0,35,31,25,23,23,22,44,37,13,0,0,0,0,0,20,20,25,30,50,47,50,47,33,41,32,0,22,7,81,0,0,0,0,0,0,0,0,-68,-15,-206,-34,-44,0,0,0,-69,-69,-77,-77,-69,-69,-82,-84,-295,-153,-192,-8,-8,0,0,0,-41,-50,-73,-75,-79,-67,-67,-80,-91,-110,-74,-97,-54,0,0,0,0,0,0,0,0,0,0,0,0,0,0,0,0,0,0,0,0,0]} 1. e4 c5 2. Nf3 d6 3. d4 cxd4 4. Qxd4 Nc6 5. Bb5 Bd7 6. Qd3 Nf6 7. c4 {B53: Sicilian: 2...d6: Lines with Qxd4} (7. O-O g6 8. c4 Bg7 9. Nc3 O-O 10. h3 a6 11. Bxc6 Bxc6 12. Nd4 Nd7 13. Be3 Rc8 14. Rac1 Nc5 {½-½ (35) Malakhov,V (2713)-Li,C (2720) Doha 2016}) 7... e6 8. Nc3 Be7 9. O-O O-O 10. Bxc6 Bxc6 11. Nd4 {LiveBook: 6 Games} Qa5 12. b3 Rfd8 13. Bb2 $146 ({Predecessor:} 13. Bd2 Qh5 14. Nxc6 bxc6 15. Qg3 d5 16. cxd5 cxd5 17. e5 Ng4 18. f4 {0-1 (51) Reinholz,S (1877)-Werchan,H (1979) Osterburg 2004}) 13... Qh5 14. f4 d5 15. cxd5 Bc5 $1 {[%cal Re6d5]} 16. Rad1 exd5 17. e5 $1 {[%cal Re5f6]} Ne4 18. Nce2 Bd7 19. h3 Rac8 20. Kh2 Bg4 (20... Qh4 $5 {[%cal Re4f2]}) 21. Rde1 Bxe2 22. Rxe2 Bb6 23. g4 Qg6 24. f5 Qg5 25. Kg2 Bxd4 26. Bxd4 h5 27. Qf3 hxg4 (27... Rc6 $11) 28. hxg4 (28. Qxg4 $16 Qxg4+ 29. hxg4) 28... Rc1 $1 $11 {[%cal Rc1f1]} 29. Be3 Rxf1 30. Kxf1 Qe7 31. Qf4 $1 Rc8 32. Rh2 (32. g5 $11) 32... Qd7 (32... Qb4 $15 33. g5 Qc3) 33. f6 $2 (33. a4 $11 {and White stays safe.}) 33... Qb5+ $2 (33... g5 $1 $19 {[%cal Rg5f4]} 34. Qf3 Qb5+ 35. Kg1 Qb4) 34. Kg1 $15 {Hoping for fxg7.} Qd3 (34... Qa5 $5 {[%cal Ra5e1]} 35. Bd2 Qb6+ 36. Kh1 Nxd2 37. Qxd2 d4 $11) 35. fxg7 Qb1+ 36. Kg2 (36. Qf1 $11 Qxf1+ 37. Kxf1 Kxg7 38. Bxa7) 36... Rc2+ ({Worse is} 36... Qxa2+ 37. Bf2 $16) 37. Kh3 {Rxc2 is the strong threat.} Rxh2+ 38. Kxh2 Qxa2+ 39. Kh3 {White wants to mate with Qh6.} Qa6 ({Don't play} 39... Kxg7 $6 40. Qh6+ (40. e6 fxe6 41. Qh6+ Kf7 $11) 40... Kg8 41. e6 $11) 40. Kh4 $2 (40. Bxa7 $17 Qa1 41. Kg2 Qa2+ 42. Bf2 Kxg7 43. Qf5) 40... Kxg7 ({Better is} 40... Qa1 $19 {( -> ...Qh1+)} 41. g5 Kxg7) 41. Bd4 {Threatens to win with e6+.} Qh6+ $2 (41... Qe6 $19 42. b4 b6) 42. Qxh6+ $11 Kxh6 43. Bxa7 {[%mdl 4096] Endgame KB-KN} Kg7 44. Be3 Kf8 45. g5 Ke7 {aiming for ...Ke6.} 46. Kg4 Ke6 47. Kf4 Nc3 $1 48. b4 {[#]} Nb5 $1 49. Bb6 {[#]} Na3 $1 50. Bd4 Nc2 (50... Nc4 $1 $15) 51. Bc3 $1 {The position is equal.} b5 52. Bd2 Nd4 53. Be1 Nc6 54. Bc3 Ne7 55. Ke3 Nc6 {Strongly threatening ...Kf5.} 56. Kf4 $1 d4 57. Be1 Kd5 {[#]} (57... Ne7 $5 {[%cal Re6d5]} 58. Ke4 Nc6 $15) 58. e6 $1 {[%cal Re6f7][%mdl 512]} Kxe6 59. Ke4 Ne5 60. Bd2 Nc6 {Precision: White = 65%, Black = 43%.} (60... d3 $5 {[%cal Re5c4]} 61. Be1 Nc4 62. Kxd3 Ke5 $11) 1/2-1/2

[Event "EICC 2017"]
[Site "Minsk"]
[Date "2017.06.07"]
[Round "8"]
[White "Naiditsch, Arkadij"]
[Black "Erdos, Viktor"]
[Result "1/2-1/2"]
[WhiteElo "2700"]
[BlackElo "2614"]
[Annotator "TA"]
[PlyCount "106"]
[EventDate "2017.??.??"]
[EventCountry "BLR"]
[SourceTitle "playchess.com"]
[Source "ChessBase"]
[SourceQuality "1"]

{[%evp 22,106,12,-21,-16,-10,-37,-25,0,0,0,0,49,0,0,0,13,5,13,0,0,0,0,0,0,0,0,0,0,0,0,0,0,0,0,0,0,0,0,0,0,0,0,0,0,0,0,0,0,0,0,0,0,0,0,0,0,0,0,0,0,-7,0,-8,-8,-8,0,-8,-8,-33,0,0,0,0,0,0,0,0,0,0,0,0,0,0,0,0,0]} 1. c4 b6 2. Nc3 e6 3. d4 Bb4 4. e3 Nf6 5. Nf3 Bb7 6. Be2 O-O 7. O-O c5 8. Bd2 cxd4 9. exd4 Be7 10. Ne5 d5 11. Bf3 Nc6 {[%cal Bb8c6,Bc6e5,Be5d3][%mdl 32]} 12. Bg5 Rc8 {B14: Caro-Kann: Panov-Botvinnik Attack with 5...e6 and 5...g6} (12... Na5 13. Re1 Rc8 14. cxd5 Nxd5 15. Bxd5 Bxg5 16. Bxb7 Nxb7 17. d5 Qd6 18. dxe6 fxe6 19. Qg4 Bf4 20. Rad1 {1-0 (51) Ju,W (2527)-Li,Y (1807) China 2014}) 13. Re1 $146 {next Bxf6 is good for White.} ({Predecessor:} 13. cxd5 Nxd5 14. Bxe7 Ndxe7 15. Nxc6 Bxc6 16. Bxc6 Rxc6 17. Qa4 Qd7 18. Rfd1 Rd6 19. Qxd7 Rxd7 20. Rd2 {0-1 (69) Maierhofer,J (2055)-Kohout,P (2285) Bayern 1999}) 13... dxc4 14. Qa4 {[%cal Rf3c6]} Nxe5 {Black has an edge.} 15. Bxb7 Nd3 16. Bxc8 Nxe1 17. Rxe1 Qxc8 18. Qxa7 Bd8 19. Qa4 Nd5 20. Nxd5 (20. Be3 $5) 20... exd5 21. Bxd8 Qxd8 $11 {[%mdl 4096] Endgame KQR-KQR} 22. Qb5 Qa8 23. Qxb6 Qxa2 24. h4 h6 25. Qb5 Qa8 26. g3 Rb8 27. Qd7 Rd8 28. Qe7 Qb8 29. Kg2 Qd6 30. Qxd6 Rxd6 {KR-KR} 31. Re8+ Kh7 32. Rb8 Kg6 33. Kf3 Rf6+ 34. Kg2 Rd6 35. Rb5 Kf5 {Threatens to win with ...Ke4.} 36. f3 Rd7 (36... g5 $5 {[%cal Rg5h4]}) 37. Kf2 h5 38. Ke3 f6 {[%cal Bf7f6,Bf6g5,Bg5g4][%mdl 32]} 39. Kf2 Rd6 40. Rb7 g5 41. hxg5 fxg5 42. Rf7+ Kg6 43. Rb7 g4 44. Rb5 Rf6 45. f4 Rd6 {White should prevent ...Kf5.} (45... h4 $5 {[%cal Rh4h3]}) 46. b3 {The position is equal.} cxb3 47. Rxb3 Rc6 48. Re3 Rc2+ 49. Re2 Rxe2+ 50. Kxe2 Kf5 {[#] aiming for ...Ke4.} 51. Ke3 Kf6 52. Ke2 Kf5 {White must now prevent ...Ke4.} 53. Ke3 Kf6 {Precision: White = 89%, Black = 87%.} 1/2-1/2

[Event "EICC 2017"]
[Site "Minsk"]
[Date "2017.06.07"]
[Round "8"]
[White "Bacrot, Etienne"]
[Black "Kunin, Vitaly"]
[Result "1/2-1/2"]
[WhiteElo "2696"]
[BlackElo "2551"]
[Annotator "TA"]
[PlyCount "69"]
[EventDate "2017.??.??"]
[EventCountry "BLR"]
[SourceTitle "playchess.com"]
[Source "ChessBase"]
[SourceQuality "1"]

{[%evp 20,69,32,17,47,54,27,28,52,56,37,43,59,25,34,0,0,4,14,20,27,22,13,-22,-16,-20,-14,-34,-17,-17,-24,-14,-13,-12,-20,-17,0,-2,0,7,0,0,30,0,15,11,28,21,21,22,27,20]} 1. e4 d6 2. d4 Nf6 3. Nc3 e5 4. Nf3 Nbd7 5. Bc4 Be7 6. O-O O-O 7. Re1 c6 8. a4 exd4 9. Nxd4 Ne5 10. Bf1 Re8 11. h3 Qc7 {C50: Hungarian Defence and Giuoco Pianissimo} (11... Ng6 12. g3 Bf8 13. Bg2 Bd7 14. Be3 h6 15. f4 Qc7 16. Qd2 Rad8 17. Qf2 c5 18. Nb3 Bc6 19. Nd5 Bxd5 20. exd5 {½-½ (51) Bacrot,E (2686)-Markus,R (2632) Reykjavik 2015}) 12. Bf4 Ng6 $146 ({Predecessor:} 12... b6 13. Bh2 Bb7 14. f4 Rad8 15. Kh1 Bf8 16. Qd2 Ng6 17. Bd3 Qc8 {0-1 (48) Golubev,M (2570)-Eismont,O (2435) Moscow 1995}) 13. Bh2 Bf8 14. Qd2 Bd7 15. f4 Rad8 16. Kh1 c5 17. Nf3 {Threatening e5.} Bc6 {[%cal Rf6e4]} 18. Nd5 Bxd5 19. exd5 Ne4 20. Qc1 c4 $1 {...Nf2+ is the strong threat.} 21. Re2 {[#] And now f5 would win.} Nf6 22. Rxe8 Rxe8 23. Qd2 Ne7 24. Qd4 c3 25. Qxc3 Qxc3 26. bxc3 Nexd5 27. c4 Ne3 28. Bd3 Rc8 29. Bg1 Nxc4 30. Bxa7 Nb2 31. Rb1 Nxa4 32. Rxb7 Nc5 33. Bxc5 Rxc5 34. Ng5 h6 $1 {[%cal Rh6g5]} 35. Nxf7 {Precision: White = 73%, Black = 56%.} 1/2-1/2

[Event "EICC 2017"]
[Site "Minsk"]
[Date "2017.06.07"]
[Round "8"]
[White "Duda, Jan-Krzysztof"]
[Black "Mchedlishvili, Mikheil"]
[Result "1/2-1/2"]
[WhiteElo "2693"]
[BlackElo "2605"]
[Annotator "TA"]
[PlyCount "78"]
[EventDate "2017.??.??"]
[EventCountry "BLR"]
[SourceTitle "playchess.com"]
[Source "ChessBase"]
[SourceQuality "1"]

{[%evp 23,78,12,19,0,0,0,0,0,0,-20,33,37,56,76,84,72,61,65,63,69,64,35,154,112,122,106,88,62,83,91,76,52,57,-148,-133,-104,-136,-100,-109,-164,-99,-132,-77,-115,-97,-116,-105,-215,-194,-200,-190,-154,0,-189,0,-164,0]} 1. e4 c6 2. d4 d5 3. Nd2 dxe4 4. Nxe4 Bf5 5. Ng3 Bg6 6. h4 h6 7. Nf3 e6 8. Ne5 Bh7 9. Bd3 Bxd3 10. Qxd3 Nd7 {B19: Classical Caro-Kann: 4...Bf5 main line} 11. f4 Bb4+ (11... Be7 12. Bd2 Nxe5 13. fxe5 Bxh4 14. O-O-O Bxg3 15. Qxg3 Ne7 16. Bb4 Nf5 17. Qf4 g5 18. Qf2 {½-½ (43) Wei,Y (2706)-Giri,A (2773) Wijk aan Zee 2017}) 12. c3 Be7 {LiveBook: 55 Games. The position is equal.} 13. Nh5 {Strongly threatening Ng6!} Bxh4+ 14. Kd1 Bf6 15. Kc2 Qe7 16. a4 $146 ({Predecessor:} 16. Bd2 O-O-O 17. Rae1 g6 18. Nxf6 {½-½ (18) Carnevale,R (2154)-Swahnberg,L (2192) ICCF email 2009}) 16... Rd8 ({Black should try} 16... Bxe5 $11 17. fxe5 O-O-O) 17. Qf3 $14 {[%mdl 1024] White has compensation.} g6 18. Ng3 $1 $36 {[%mdl 2048] White has strong initiative.} Qf8 19. Ra3 Qd6 20. Ne4 Qc7 $1 21. g4 Be7 22. Rb3 Kf8 (22... Nxe5 $1 $14 23. fxe5 b6) 23. Be3 b6 24. c4 Kg7 25. Nxf7 Kxf7 {[#]} 26. f5 $1 exf5 27. gxf5 g5 {aiming for ...c5.} 28. Bxg5 $2 (28. Qh5+ $1 $14 {was the only good move.} Kf8 29. Qg6) 28... Bxg5 $17 29. Nxg5+ hxg5 30. Rxh8 {[#] Intending Qh5+ and mate.} Ndf6 $1 31. Rd3 (31. Qe3 $17) 31... Kg7 (31... Qd7 $19 32. Kb1 g4) 32. Rh1 g4 (32... Nh6 $142 33. Re1 g4) 33. Qe3 Kf8 34. Qe5 Qf7 35. Kc3 (35. Qe6 $17) 35... Qd7 36. Rh8 {Hoping for Qxf6+.} Qg7 37. Rh2 Qd7 38. Rh8 {Qxf6+ is the strong threat.} Qg7 39. Rh2 $1 Qd7 $2 {Precision: White = 61%, Black = 49%.} (39... c5 $19 40. Kb3 Ne8 41. Qxg7+ Nxg7) 1/2-1/2

[Event "EICC 2017"]
[Site "Minsk"]
[Date "2017.06.07"]
[Round "8"]
[White "Mamedov, Rauf"]
[Black "Pashikian, Arman"]
[Result "1/2-1/2"]
[WhiteElo "2689"]
[BlackElo "2603"]
[Annotator "TA"]
[PlyCount "51"]
[EventDate "2017.??.??"]
[EventCountry "BLR"]
[SourceTitle "playchess.com"]
[Source "ChessBase"]
[SourceQuality "1"]

{[%evp 13,51,22,27,6,13,7,10,10,26,13,12,10,0,0,20,6,12,12,22,8,32,25,42,15,15,14,14,13,13,14,13,4,6,0,0,0,0,0,0,0]} 1. c4 e6 2. g3 d5 3. Bg2 dxc4 4. Qa4+ c6 (4... Nd7 5. Qxc4 c5 6. Nf3 Ngf6 7. O-O b6 8. Nd4 Ne5 9. Nc6 Nxc4 10. Nxd8 Nd5 11. Nc3 Kxd8 12. Nxd5 Bb7 13. Nc3 Bxg2 14. Kxg2 Be7 15. Rd1 Bf6 16. d4 Ke7 17. dxc5 Bxc3 18. bxc3 bxc5 19. Kf3 {½-½ (19) Aronian,L (2785)-Cheparinov,I (2689) Doha 2016}) 5. Qxc4 b5 6. Qc2 {A13: English Opening: 1...e6} Bb7 7. a4 a6 {LiveBook: 11 Games} 8. axb5 {White has an edge.} axb5 9. Rxa8 Bxa8 10. Nf3 Nf6 11. O-O Be7 12. d4 O-O 13. Bg5 $146 ({Predecessor:} 13. Nbd2 c5 14. dxc5 Na6 15. Ne5 Bxc5 {½-½ (15) Dyachkov,S (2554)-Galkin,A (2616) Moscow 2006}) 13... Nbd7 14. Bxf6 gxf6 15. Nc3 Qb6 (15... b4 $5 {[%cal Rb4c3]} 16. Na4 Qa5 $11) 16. Rd1 b4 17. Na4 Qb5 18. b3 c5 {The position is equal.} 19. dxc5 Bxf3 20. Bxf3 {next c6 is good for White.} Nxc5 21. Kg2 Rb8 22. Rc1 {[%cal Ra4c5]} Nxa4 23. bxa4 Qe5 24. Qb3 f5 25. Rc4 Qa1 {And now ...Qa3 would win.} 26. e3 {Precision: White = 76%, Black = 67%.} 1/2-1/2

[Event "EICC 2017"]
[Site "Minsk"]
[Date "2017.06.07"]
[Round "8"]
[White "Korobov, Anton"]
[Black "Reshef, Omer"]
[Result "1-0"]
[WhiteElo "2688"]
[BlackElo "2459"]
[Annotator "TA"]
[PlyCount "71"]
[EventDate "2017.??.??"]
[EventCountry "BLR"]
[SourceTitle "playchess.com"]
[Source "ChessBase"]
[SourceQuality "1"]

{[%evp 17,71,12,49,46,45,55,37,42,118,108,112,105,143,145,183,200,295,308,300,295,295,285,308,306,258,245,453,449,790,785,777,749,742,381,408,407,661,637,636,625,1015,967,1021,1018,989,977,1068,1058,972,964,5845,5845,29989,12837,12835,12835]} 1. d4 d5 2. Bf4 Nf6 3. e3 c5 4. Nf3 Nc6 5. c3 e6 6. Nbd2 Bd6 7. Bg3 O-O 8. Bd3 Qe7 9. Ne5 Bxe5 10. dxe5 {D02: 1 d4 d5 2 Nf3 sidelines, including 2...Nf6 3 g3 and 2...Nf6 3 Bf4} Nd7 11. f4 (11. Qh5 g6 $15) 11... f6 {[%cal Rf6e5]} 12. Nf3 {White is slightly better.} (12. Bh4 Qf7 13. exf6 Nxf6 14. O-O e5 15. Bxf6 gxf6 16. e4 Kh8 17. exd5 Qxd5 18. Be4 Qd6 19. Nc4 Qe7 20. Qh5 exf4 21. Rxf4 Ne5 22. Nxe5 {1-0 (22) Kramnik,V (2777)-Rasmussen,A (2498) Berlin 2015}) 12... f5 $146 ({Better is} 12... fxe5 $14 13. fxe5 c4) ({Predecessor:} 12... fxe5 13. fxe5 g5 14. h4 g4 15. Ng5 h6 16. Nh7 Rf7 17. Nf6+ Nxf6 18. exf6 Qxf6 19. Qxg4+ {1-0 (31) Zhang,Z (2641)-Sadhwani,R (2218) Dubai 2017}) 13. Bh4 $16 Qe8 14. Rg1 c4 15. Bc2 Nc5 16. g4 Ne4 (16... Kh8 {is a better defense.} 17. gxf5 exf5 18. Qxd5 Nd3+ 19. Bxd3 Be6) 17. gxf5 $18 exf5 18. Bxe4 ({Less strong is} 18. Qxd5+ Be6 $18) 18... dxe4 19. Bf6 $1 Rf7 {[#]} 20. Ng5 $1 Rd7 {[#]} 21. Qe2 $1 {[%cal Re2c4]} b5 $2 (21... Kh8) 22. a4 Rb8 (22... Nd8 $142 23. axb5 Bb7) 23. axb5 Rxb5 24. Qxc4+ Rbd5 25. e6 R7d6 26. Nf7 Qxe6 (26... g6 $142 27. Nxd6 Rxd6 28. Rxa7 (28. e7+ Be6 $18) 28... Nxa7) 27. Rxg7+ Kf8 {White must now prevent ...Rd1+!} 28. Nxd6 Qxd6 29. Rxh7 {Hoping for Rh8+.} Be6 30. Qe2 {Threatening mate with Qg2.} Rd3 31. Ra6 {Rxc6! would kill now.} Bf7 {[#]} 32. Rxf7+ $1 Kxf7 33. Qh5+ Ke6 34. Qe8+ Kd5 35. c4+ (35. Qf7+ $142 Kc5 36. Bd4+ Kb5 37. Qa2 Qxd4 38. exd4 Rxd4 39. cxd4 Nxd4 40. Qa4+ Kc5 41. b3 Nc2+ 42. Kd2 e3+ 43. Kxc2 e2 44. Qc4#) 35... Kc5 36. Bd4+ {Precision: White = 84%, Black = 17%.} 1-0